000 00827nam a22002657a 4500
005 20220419111235.0
008 220419b ||||| |||| 00| 0 eng d
040 _cAloy
041 _aeng
082 _223
_a361.2
_bBROT
100 _aC P BROWN and others
_930356
245 _aTwelfth century revolution for equality and social justice
260 _aBangalore
_bJagajyoti Trust
_c2003
300 _axviii,89 p.
_bPB
_c21x14 cm
365 _2Social Work
650 _aSocial Justice
_930357
650 _aEssay on Creed, Customs and Literature of the Jangams
_930358
650 _aBasava
_930359
650 _aRevolution of the Mystice
_930360
700 _aBROWN (C P)
_930361
700 _aGAJENDRAGADAKAR
_930362
700 _aSHOUTEN (Johan)
_930363
700 _aCHANDANGOUDAR (R H) Ed
_930364
942 _2ddc
_cGF
999 _c222475
_d222475